000 01321nam a2200277Ia 4500
999 _c37749
_d37749
001 3725
003 GE_BSU
005 20190628185127.0
008 181216s2012||||ge |||||||||||||| ||geo||
020 _a9789941175541
040 _cGE_BSU
041 _ageo
080 _a94(5) ტ–57
100 _aტიკაძე, მერაბ
_93096
245 _aარაბული ქვეყნები ოსმალთა ბატონობის პერიოდში (XVI ს.-XIX ს. დამდეგი) :
_bსახელმძღვანელო /
_cმერაბ ტიკაძე ; რედ. გოჩა ჯაფარიძე ; ივანე ჯავახიშვილის სახ. თსუ.
264 _aთბილისი :
_bუნივერსალი,
_c2012.
300 _a195 გვ. ;
_b27 სმ.
500 _a შენიშვნ.: გვ. 154-170.
501 _aდანართი: გვ. 191-195.
504 _aბიბლიოგრ.: გვ. 171-190.
653 _aარაბული ქვეყნების ისტორია
653 _aსახელმძღვანელო
700 _aჯაფარიძე, გოჩა
_eრედაქტორი
_93097
710 _aთსუ
_93098
942 _cBK
_2udc